000 00623nam a2200241Ia 4500
001 25593
005 20240114000850.0
007 ta
008 060427s1929 a g b000 u 465 u
040 _aCotton College,Assam
041 _a465
082 _a823
_bZ 9 C
100 _aZweig, Arnold .
245 0 _aThe Case of Sergeant Grischa /
_cArnold Zweig.
_hTextual Documents
250 _a1st ed. /
260 _aLondon :
_bMartin Secker ,
_c1929.
300 _a524p. :
_bill ;
_c18cm .
653 _aEnglish Novel
653 _aG-English
942 _2ddc
_cBK
999 _c25575
_d25575